Cities In North America With Largest Population That Begin With N,O,R,T,H,A,M,E,R,I,andC - Statistics

General Stats
  • This quiz has been taken 42 times
  • The average score is 6 of 10
Answer Stats
Letter(Pop) Answer % Correct
N(8.5mill) New York
100%
C(2.7mill) Chicago
85%
M(8.9mill) Mexico City
85%
H(2.2mill) Houston
75%
T(2.7mill) Toronto
63%
I(853000) Indianapolis
60%
O(934000) Ottawa
58%
A(931000) Austin
53%
E(1.6mill) Ecatepec de Morelos
5%
R(631000) Reynosa
3%
No matching quizzes found
Score Distribution
Percent of People with Each Score
Percentile by Number Answered
Your Score History
You have not taken this quiz